[Event "Gernsheim U20 op 3rd"]
[Site "Gernsheim"]
[Date "2005.05.??"]
[Round "6"]
[White "Haus, Marvin"]
[Black "Piliptchouk, Maximilian"]
[Result "1-0"]
[WhiteElo "1098"]
[BlackElo "879"]
[PlyCount "95"]
[EventDate "2005.05.??"]
[EventType "swiss"]
[EventRounds "7"]
[EventCountry "GER"]
[SourceTitle "EXT 2007"]
[Source "ChessBase"]
[SourceDate "2006.11.23"]
[SourceVersion "1"]
[SourceVersionDate "2006.11.23"]
[SourceQuality "1"]

1. e4 c5 2. Nf3 Nc6 3. c4 g6 4. Nc3 Bg7 5. d3 d6 6. g3 Nf6 7. Bg2 0-0 8. 0-0 Be6 9. Nd5 Qd7 10. Bg5 Bh3 11. Qd2 Nxd5 12. cxd5 Nd4 13. Nxd4 Bxd4 14. Bh6 Bg7 15. Rab1 b6 16. d4 Bxg2 17. Bxg7 Kxg7 18. Kxg2 f5 19. e5 Qb7 20. dxc5 bxc5 21. e6 Kg8 22. Kg1 a6 23. Rfd1 Rac8 24. Rbc1 Qb5 25. b3 a5 26. Rc4 Ra8 27. Qh6 a4 28. Rh4 Rf7 29. exf7+ Kxf7 30. Qxh7+ Kf6 31. Rxa4 Rxa4 32. bxa4 Qxa4 33. Re1 Qd7 34. Re6+ Qxe6 35. dxe6 Kxe6 36. Qxg6+ Ke5 37. Qg5 c4 38. Qd2 d5 39. h4 d4 40. Qf4+ Kd5 41. Qxf5+ e5 42. Qd7+ Ke4 43. Kf1 Kd3 44. Ke1 Kc2 45. Qa4+ Kd3 46. Kd1 c3 47. h5 e4 48. Qb5# 1-0